Stanovenie fázových rovnováh v sústave KF-K2NbF7-Nb2O5

Gespeichert in:
Bibliographische Detailangaben
1. Verfasser: Štefanidesová, Patrícia (Verfasst von)
Format: Manuskript Buch
Sprache:Slowakisch
Veröffentlicht: Bratislava : STU v Bratislave FCHPT, 2002
Ausgabe:Obháj.: 3.6.2002
Tags: Tag hinzufügen
Keine Tags, Fügen Sie das erste Tag hinzu!

MARC

LEADER 00000ntm a22000003a 4500
001 stu76427
005 20150617225646.5
008 020702s2002----xo------------------slo-d
040 |a STU  |b slo 
041 0 |a slo 
044 |a xo 
100 1 |a Štefanidesová, Patrícia  |4 aut 
245 1 |a Stanovenie fázových rovnováh v sústave KF-K2NbF7-Nb2O5 
250 |a Obháj.: 3.6.2002 
260 |a Bratislava :  |b STU v Bratislave FCHPT,  |c 2002 
300 |a 43 s. Grafy,lit 
500 |a Špec.: Anorganická technológia 
996 |b 284C026809  |c C*D13523  |l CCI  |s A  |a 24  |w stu76427_0001